000 00597cam a22002053a 4500
001 39425
003 PGUSA
005 20140828083857.0
008 120411s2012||||xxu|||||s|||||000 | eng d
040 _aPGUSA
_beng
042 _adc
100 1 _aReeve, Sophia
245 1 4 _aThe Mysterious Wanderer, Vol. III :
_bA Novel in Three Volumes
_h[electronic resource] /
_cSophia Reeve
260 _bProject Gutenberg,
_c2012
506 _aPublic domain in the USA.
516 _aElectronic text
830 0 _aProject Gutenberg
_v39425
856 4 0 _uhttp://www.gutenberg.org/ebooks/39425
942 _cEB
999 _c268678
_d268678